Heat transfer with thermal control applications /

Bibliographic Details
Corporate Authors: AIAA Aerospace Sciences Meeting, AIAA/ASME Thermophysics and Heat Transfer Conference
Other Authors: Yovanovich, M. Michael (Milan Michael)
Format: Conference Proceeding Book
Language:English
Published: New York : American Institute of Aeronautics and Astronautics, [1975]
Series:Progress in astronautics and aeronautics ; v. 39.
Subjects:

MARC

Tag First Indicator Second Indicator Subfields
LEADER 00000pam a2200000 i 4500
001 in00000493003
005 20151013055733.0
008 750612s1975 nyua b 10100 eng
010 |a  75019230  
020 |a 0915928035 
035 |a (OCoLC)01504954 
035 |9 ACC6222AM 
040 |a DLC  |c DLC  |d TXA  |d UtOrBLW 
049 |a TXAM  |c [439780] 
050 0 0 |a TL507  |b .P75 vol. 39  |a TJ265 
082 0 |a 629.1/08 s  |a 629.41/01/536 
245 0 0 |a Heat transfer with thermal control applications /  |c edited by M. Michael Yovanovich. 
264 1 |a New York :  |b American Institute of Aeronautics and Astronautics,  |c [1975] 
264 4 |c ©1975 
300 |a xv, 490 pages :  |b illustrations ;  |c 24 cm. 
336 |a text  |b txt  |2 rdacontent 
337 |a unmediated  |b n  |2 rdamedia 
338 |a volume  |b nc  |2 rdacarrier 
490 1 |a Progress in astronautics and aeronautics ;  |v v. 39 
500 |a "Technical papers selected from the AIAA 12th Aerospace Sciences Meeting, January 1974, and the AIAA/ASME Thermophysics and Heat Transfer Conference, July 1974, subsequently revised for this volume." 
504 |a Includes bibliographical references and index. 
650 0 |a Heat  |x Transmission  |v Congresses. 
650 0 |a Thermodynamics  |v Congresses. 
650 0 |a Aerothermodynamics  |x Congresses. 
700 1 |a Yovanovich, M. Michael  |q (Milan Michael) 
711 2 |a AIAA Aerospace Sciences Meeting  |n (12th :  |d 1974 :  |c Washington, D.C.) 
711 2 |a AIAA/ASME Thermophysics and Heat Transfer Conference  |d (1974 :  |c Boston) 
830 0 |a Progress in astronautics and aeronautics ;  |v v. 39. 
999 |a MARS 
999 f f |s b0f59ca3-4bd2-3034-976b-4c1f2ce5eb76  |i 8cc9a934-a788-380b-835a-03acdac00db8  |t 0 
952 f f |p ric  |a Texas A&M University  |b Rellis Campus  |c Joint Library Facility  |d Remote Storage  |t 0  |e TL507 .P75 v.39  |h Library of Congress classification  |i unmediated -- volume  |m A14805533267 
998 f f |a TL507 .P75 v.39  |t 0  |l Remote Storage